Windows NT 3.5 a 3.51 Server : Podrobný průvodce /

Gespeichert in:
Bibliographische Detailangaben
1. Verfasser: Osif, Michal (Verfasst von)
Format: Buch
Sprache:Tschechisch
Veröffentlicht: Praha : Grada Publishing, 1995
Tags: Tag hinzufügen
Keine Tags, Fügen Sie das erste Tag hinzu!

MARC

LEADER 00000nam a22000003a 4500
001 stu23779
005 20190206132410.6
008 960410s1995----xr------------------cze-d
020 |a 80-85623-65-X 
040 |a STU  |b slo 
041 0 |a cze 
044 |a xr 
080 |a 681.3.06 
100 1 |a Osif, Michal  |4 aut 
245 1 |a Windows NT 3.5 a 3.51 Server :  |b Podrobný průvodce /  |c [aut.]Osif,Michal 
260 |a Praha :  |b Grada Publishing,  |c 1995 
300 |a 455 s :  |b Tab.,register 
996 |b CB2089  |c C*B2089  |l CCXX  |s P  |a 0  |w stu23779_0001 
996 |b C2124  |c C*2124  |l CCXVIII  |s P  |a 0  |w stu23779_0002